Ústredný vestník Slovenskej socialistickej republiky

Saved in:
Bibliographic Details
Format: Serial
Language:Slovak
Published: Bratislava Ministerstvo spravodlivosti SSR 1988
Subjects:
Tags: Add Tag
No Tags, Be the first to tag this record!

MARC

LEADER 00000nas2a2200000 4500
001 s030365
005 20240109091155.5
041 0 |a slo 
044 |a SK 
245 1 0 |a Ústredný vestník Slovenskej socialistickej republiky 
264 1 |a Bratislava  |b Ministerstvo spravodlivosti SSR  |c 1988 
773 0 |w eu_un_cat*s120284 
610 2 0 |a správa verejná